00602nam a2200169 i 450000100060000000300090000600500170001500700030003200800410003510000310007624500820010726000500018930000220023985200320026199900170029395201220031041582ES-MaACL20230906160446.0t|030311s1973 sp ||||1| spa d1 aCarballosa, Evis L.93501313aFilipenses b: un comentario exegético y práctico / cEvis L. Carballosa. aBarcelona : bPortavoz Evangélico, c[1973] a140 p. ; c17 cm. aES-MaACLjC-54997 bR.87655 c41582d41582 00104070aATENEOMbATENEOMcDEPO2d2008-01-17eSCl0oC-54997p1043776r2023-02-23 00:00:00w2023-02-23yMONOGRAFIA